书目信息 |
| 题名: |
接地和接
|
|
| 作者: | ;第一机械工业部 , 第二设计院公用科电气组 编著 | |
| 分册: | ||
| 出版信息: | 上海 上海人民出版社 1963 |
|
| 页数: | 351页 | |
| 开本: | 19cm | |
| 丛书名: | ||
| 单 册: | ||
| 中图分类: | TM721.2 | |
| 科图分类: | ||
| 主题词: | 输电技术 , 配电系统--技术 | |
| 电子资源: | ||
| ISBN: | ||
| 000 | 00698nam0 2200229 45 | |
| 001 | 0405210946 | |
| 005 | 20040521090433.9 | |
| 010 | @dCNY0.59 | |
| 091 | @a15.4.173 | |
| 100 | @a20040521d1963 km y0chiy0120 ea | |
| 101 | 0 | @achi |
| 105 | @a z 000yy | |
| 200 | 1 | @a接地和接@AJie Di He Jie@f第一机械工业部,第二设计院公用科电气组编著@FDi Yi Ji Xie Gong Ye Bu,Di Er She Ji Yuan Gong Yong Ke Dian Qi Zu Bian Zhu |
| 210 | @a上海@c上海人民出版社@d1963 | |
| 215 | @a351页@d19cm | |
| 606 | 0 | @a输电技术 |
| 606 | 0 | @a配电系统@x技术 |
| 690 | @aTM721.2@v3 | |
| 711 | 02 | @a第一机械工业部@4编著 |
| 711 | 02 | @a第二设计院公用科电气组@4编著 |
| 801 | @aCN@bTSTCL@c20040521 | |
| 905 | @f1@b10188@dTM721.2@e5 | |
| 接地和接/第一机械工业部,第二设计院公用科电气组编著.-上海:上海人民出版社,1963 |
| 351页;19cm |
| ISBN :CNY0.59 |
| ● |
| 相关链接 |
|
|
|
|
正题名:接地和接
索取号:TM721.2/5
 
预约/预借
| 序号 | 登录号 | 条形码 | 馆藏地/架位号 | 状态 | 备注 |
| 1 | 0010187 | 001345093 | 第二样本阅览室/ [索取号:TM721.2/5] | 在馆 | |
| 2 | 0010188 | 001345057 | 第三借阅区/ [索取号:TM721.2/5] | 在馆 |